000 00728nam a22002417a 4500
999 _c1685
_d1685
001 1685
003 BD-JhCC
005 20171023140334.0
008 171023s2010 bg |||| ||a| 00| 0 b d
020 _a9789848765326
035 _a(BD-JhCC)1685
040 _aBD-JhCC
_dBD-JhCC
041 _aben
082 _a891.4435
_bGUN 2010
100 _aগুণ, নির্মলেন্দু
245 _aঅবন্ধ প্রবন্ধ যত /
_cনির্মলেন্দু গুণ
260 _aঢাকা :
_bপ্রথমা প্রকাশন,
_c2010.
300 _a88 p. :
_c21 cm.
650 _aShotrt stories, Bengali
651 _aShort stories, Bengali
942 _2ddc
_cBK